{"text_format":"3","workbook":"xlsx","n_sheets":8,"sheets":["PO","MC","CFF","Comp-01","Comp-02","Comp-03","LEIS SOCIAIS","BDI "],"not_rendered":{"images":5,"external_links":10,"defined_names":3153},"read":"whole","date_system":"1900"}

{"sheet":"PO","index":0,"n_rows":37,"n_cols":8,"rows_kept":37,"merged":[[3,4,4,5],[3,6,4,6],[3,7,4,7],[6,0,7,0],[6,1,7,1],[6,2,7,2],[6,3,7,3],[6,4,7,4],[6,5,7,5],[6,6,6,7]]}
[null,"PREFEITURA MUNICIPAL DE JOÃO NEIVA"]
[null,"PLANILHA DE QUANTIDADES E PREÇOS UNITÁRIOS"]
[null,"OBRA: CONSTRUÇÃO DA PONTE DE TRILHOS"]
[null,"LOCAL: SANTO AFONSO, JOÃO NEIVA-ES",null,null,"TABELA REFERENCIAL: DER-ES SEM DESONERAÇÃO     ",null,"BDI","DATA BASE"]
[null,"ORÇAMENTISTA: JEFTER DOS SANTOS LADISLAU: CREA-ES 043139/D"]
[{"$nulls":4},"LS:",{"v":1.5727,"d":"157.27%"},{"v":0.2332,"d":"23.32%"},"2022-01-01"]
["Item","Código","Órgão","DESCRIÇÃO SERVIÇO","Unid.","Quant."]
[{"$nulls":6},"Unitário com BDI","Total\n"]
["01",null,null,"CANTEIRO DE OBRAS"]
["01.01",20305,"DER-ES (EDIFICAÇÕES)","Placa de obra nas dimensões de 2.0 x 4.0 m, padrão IOPES","m²",{"$f":"MC!P11","v":{"v":8,"d":"8.00"}},{"$f":"269.37*(1+($G$6))","v":{"v":332.187084,"d":"R$ 332.19"}},{"$f":"F10*G10","v":{"v":2657.496672,"d":"R$ 2,657.50"}}]
["01.02",41579,"DER-ES","Aluguel de container para almoxarifado","mês",{"$f":"MC!P15","v":{"v":2,"d":"2.00"}},{"v":875.57,"d":"R$ 875.57"},{"$f":"F11*G11","v":{"v":1751.14,"d":"R$ 1,751.14"}}]
["01.03",41495,"DER-ES","Mobilização e desmobilização de container até 50 km","Unid.",{"$f":"MC!P19","v":{"v":1,"d":"1.00"}},{"v":1152.33,"d":"R$ 1,152.33"},{"v":1152.33,"d":"R$ 1,152.33"}]
["01.04",null,"COMP-01","Administração local","mês",{"$f":"MC!P22","v":{"v":2,"d":"2.00"}},{"$f":"'Comp-01'!J30","v":{"v":4887.529227999999,"d":"R$ 4,887.53"}},{"v":9775.058455999999,"d":"R$ 9,775.06"}]
[{"$nulls":3},"SUB-TOTAL 01",{"$nulls":3},{"$f":"SUM(H10:H13)","v":{"v":15336.025128,"d":"R$ 15,336.03"}}]
[]
["02",null,null,"DEMOLIÇÕES E RETIRADAS"]
["02.01",42870,"DER-ES","Demolição mecânica de concreto em Vias Urbanas","m³",{"$f":"MC!P29","v":{"v":8.730316,"d":"8.73"}},{"v":282.31,"d":"R$ 282.31"},{"$f":"G17*F17","v":{"v":2464.65550996,"d":"R$ 2,464.66"}}]
["02.02","40891","DER-ES","Remoção de pavimentação poliédrica","m²",{"$f":"MC!P34","v":9.49},{"v":24.08,"d":"R$ 24.08"},{"$f":"G18*F18","v":{"v":228.51919999999998,"d":"R$ 228.52"}}]
["02.03","42578","DER-ES","Escavação e carga de material de 1ª categoria com escavadeira em Vias Urbanas","m³",{"$f":"MC!P39","v":{"v":12.337,"d":"12.34"}},{"v":5.47,"d":"R$ 5.47"},{"$f":"G19*F19","v":{"v":67.48339,"d":"R$ 67.48"}}]
["02.04","60010","DER-ES","Transporte Local de Materiais (TR-101-01) (Vias urbanas - Caminhão basculante) (1,679XP + 2,239XR + 2,799) (XP=20,0; XR=2,0)","t",{"$f":"MC!P46","v":{"v":59.3454956,"d":"59.35"}},{"$f":"1.679*(20) + 2.239*(2) + 2.799","v":{"v":40.857,"d":"R$ 40.86"}},{"$f":"G20*F20","v":{"v":2424.6789137292,"d":"R$ 2,424.68"}}]
[{"$nulls":3},"SUB-TOTAL 02",{"$nulls":3},{"$f":"SUM(H17:H20)","v":{"v":5185.3370136892,"d":"R$ 5,185.34"}}]
[]
["03",null,null,"MOVIMENTO DE TERRA"]
["03.01","40258","DER-ES","Escavação manual em mat. 1ª cat. H= 0,00 a 1,50 m","m³",{"$f":"MC!P52","v":{"v":13.84188,"d":"13.84"}},{"v":79.14,"d":"R$ 79.14"},{"$f":"G24*F24","v":{"v":1095.4463832,"d":"R$ 1,095.45"}}]
["03.02",40302,"DER-ES","Reaterro de cavas c/ compactação manual (apiloamento)","m³",{"$f":"MC!P57","v":{"v":4.152564000000001,"d":"4.15"}},{"v":83.3,"d":"R$ 83.30"},{"$f":"G25*F25","v":{"v":345.90858120000007,"d":"R$ 345.91"}}]
[{"$nulls":3},"SUB-TOTAL 03",{"$nulls":3},{"$f":"SUM(H24:H25)","v":{"v":1441.3549644,"d":"R$ 1,441.35"}}]
[]
["04",null,null,"ESTRUTURA"]
["04.01",null,"COMP-02","Muro de arrimo em Conc. ciclópico 20MPa c/ 30% de pedra de mão, c/ forn., preparo e aplicação de concreto, forma de tábua pinho-reap.5 vezes, exclusive escav. e reaterro, seções tipicas nas dimensões:b=0,4m; B=0,40m e H=1,30m","m",{"$f":"MC!P63","v":{"v":20.6952,"d":"20.70"}},{"$f":"'Comp-02'!J41","v":{"v":673.154552,"d":"R$ 673.15"}},{"$f":"G29*F29","v":{"v":13931.0680845504,"d":"R$ 13,931.07"}}]
["04.02","040231","DER-ES (EDIFICAÇÕES)","Fornecimento, preparo e aplicação de concreto magro com consumo mínimo de cimento de 250 kg/m3 (brita 1 e 2) - (5% de perdas já incluído no custo)","m³",{"$f":"MC!P68","v":{"v":0.745332,"d":"0.75"}},{"$f":"538.04*(1+($G$6))","v":{"v":663.510928,"d":"R$ 663.51"}},{"$f":"G30*F30","v":{"v":494.53592698809604,"d":"R$ 494.54"}}]
["04.03","40319","DER-ES","Formas planas de madeirit meso e superestrutura sem reaproveitamento esp. = 10 mm, inclusive fornecimento e transporte das madeiras","m²",{"$f":"MC!P73","v":{"v":26.51424,"d":"26.51"}},{"v":143.02,"d":"R$ 143.02"},{"$f":"G31*F31","v":{"v":3792.0666048000003,"d":"R$ 3,792.07"}}]
["04.04","40353 ","DER-ES","Concreto ciclópico com 70% concreto 20,0 MPa e 30% de pedra de mão, tudo incluído ","m³",{"$f":"MC!P78","v":{"v":8.691983999999998,"d":"8.69"}},{"v":560.09,"d":"R$ 560.09"},{"$f":"G32*F32","v":{"v":4868.2933185599995,"d":"R$ 4,868.29"}}]
["04.05",null,"COMP-03","Mesa de ponte de Concreto Armado FCK= 30MPA ,tudo incluso exceto fornecimento dos trilhos de acordo com projeto.","unid",{"$f":"MC!P82","v":{"v":1,"d":"1.00"}},{"$f":"'Comp-03'!K64","v":{"v":21062.427067999997,"d":"R$ 21,062.43"}},{"$f":"G33*F33","v":{"v":21062.427067999997,"d":"R$ 21,062.43"}}]
["04.06","41359","DER-ES","Tela de proteção de segurança de PVC cor laranja com suporte para sinalização de obras","m",{"$f":"MC!P86","v":{"v":9.3494,"d":"9.35"}},{"v":19.76,"d":"R$ 19.76"},{"$f":"G34*F34","v":{"v":184.744144,"d":"R$ 184.74"}}]
[{"$nulls":3},"SUB-TOTAL 04",{"$nulls":3},{"$f":"SUM(H29:H34)","v":{"v":44333.13514689849,"d":"R$ 44,333.14"}}]
[]
["TOTAL GERAL",{"$nulls":6},{"$f":"H35+H26+H21+H14","v":{"v":66295.85225298768,"d":"R$ 66,295.85"}}]

{"sheet":"MC","index":1,"n_rows":86,"n_cols":17,"rows_kept":86,"merged":[[5,0,6,0],[5,1,6,1],[5,2,5,7],[5,8,6,8],[5,9,6,9],[5,15,6,15],[5,16,6,16],[6,2,6,4],[6,5,6,7]]}
[null,"PREFEITURA MUNICIPAL DE JOÃO NEIVA"]
[null,"PLANILHA DE QUANTIDADES E PREÇOS UNITÁRIOS"]
[null,"OBRA: CONSTRUÇÃO DA PONTE DE TRILHOS"]
[null,"LOCAL: SANTO AFONSO, JOÃO NEIVA-ES"]
[null,"ORÇAMENTISTA: JEFTER DOS SANTOS LADISLAU: CREA-ES 043139/D"]
["CÓD.","DISCRIMINAÇÃO","LOCALIZAÇÃO (Estaca)",{"$nulls":5},"POS.","QUANT.","EXT.","LARG.","PROF.","ÁREA","VOLUME","TOTAL","UNID."]
[null,null,"Inicial",null,null,"Final",{"$nulls":4},"(m)","(m)","(m)","(m²)","(m³)"]
["01","CANTEIRO DE OBRA"]
["01.01","Placa de obra nas dimensões de 2.0 x 4.0 m, padrão IOPES"]
[{"$nulls":10},{"v":4,"d":"4.00"},{"v":2,"d":"2.00"},null,{"$f":"K10*L10","v":{"v":8,"d":"8.00"}},null,{"$f":"N10","v":{"v":8,"d":"8.00"}}]
[null,"QUANTIDADE",{"$nulls":13},{"$f":"P10","v":{"v":8,"d":"8.00"}},"m²"]
[]
["01.02","Aluguel de container para almoxarifado"]
[{"$nulls":9},{"v":2,"d":"2.00"},{"$nulls":5},{"$f":"J14","v":{"v":2,"d":"2.00"}}]
[null,"QUANTIDADE",{"$nulls":13},{"$f":"P14","v":{"v":2,"d":"2.00"}},"mês"]
[]
["01.03","Mobilização e desmobilização de container até 50 km"]
[{"$nulls":9},{"v":1,"d":"1.00"},{"$nulls":5},{"$f":"J18","v":{"v":1,"d":"1.00"}}]
[null,"QUANTIDADE",{"$nulls":13},{"$f":"P18","v":{"v":1,"d":"1.00"}},"unid"]
["01.03","Administração local"]
[{"$nulls":9},{"v":2,"d":"2.00"},{"$nulls":5},{"$f":"J21","v":{"v":2,"d":"2.00"}}]
[null,"QUANTIDADE",{"$nulls":13},{"$f":"P21","v":{"v":2,"d":"2.00"}},"unid"]
[]
["02","DEMOLIÇÕES E RETIRADAS"]
["02.01","Demolição mecânica de concreto em Vias Urbanas"]
[null,"Cabeceira da ponte",{"$nulls":8},{"v":6.7546,"d":"6.75"},{"v":0.4,"d":"0.40"},1.55,null,{"$f":"K26*L26*M26","v":{"v":4.187852,"d":"4.19"}},{"$f":"O26","v":{"v":4.187852,"d":"4.19"}}]
[{"$nulls":10},{"v":6.3172,"d":"6.32"},{"v":0.4,"d":"0.40"},1.55,null,{"$f":"K27*L27*M27","v":{"v":3.9166640000000004,"d":"3.92"}},{"$f":"O27","v":{"v":3.9166640000000004,"d":"3.92"}}]
[null,"Mesa de concreto",{"$nulls":10},0.07,{"$f":"18.43-P34","v":8.94},{"$f":"M28*N28","v":{"v":0.6258,"d":"0.63"}},{"$f":"O28","v":{"v":0.6258,"d":"0.63"}}]
[null,"QUANTIDADE",{"$nulls":13},{"$f":"SUM(P26:P28)","v":{"v":8.730316,"d":"8.73"}},"m³"]
[]
["02.02","Remoção de pavimentação poliédrica"]
[null,"Porção posterior às cabeceiras",{"$nulls":11},4.92,null,{"$f":"N32","v":4.92}]
[{"$nulls":13},4.57,null,{"$f":"N33","v":4.57}]
[null,"QUANTIDADE",{"$nulls":13},{"$f":"SUM(P32:P33)","v":9.49},"m²"]
[]
["02.03","Escavação e carga de material de 1ª categoria com escavadeira em Vias Urbanas"]
[null,"Porção de terra posterior às cabeceiras",{"$nulls":10},{"v":1.3,"d":"1.30"},{"$f":"N32","v":4.92},{"$f":"N37*M37","v":{"v":6.396,"d":"6.40"}},{"$f":"O37","v":{"v":6.396,"d":"6.40"}}]
[{"$nulls":12},{"v":1.3,"d":"1.30"},{"$f":"N33","v":4.57},{"$f":"N38*M38","v":{"v":5.941000000000001,"d":"5.94"}},{"$f":"O38","v":{"v":5.941000000000001,"d":"5.94"}}]
[null,"QUANTIDADE",{"$nulls":13},{"$f":"SUM(P37:P38)","v":{"v":12.337,"d":"12.34"}},"m³"]
[]
["02.04","Transporte Local de Materiais (TR-101-01) (Vias urbanas - Caminhão basculante)",{"$nulls":9},"t/m³"]
[null,"Demolição mecânica de concreto em Vias Urbanas",{"$nulls":9},{"v":2.5,"d":"2.50"},null,null,{"$f":"P29","v":{"v":8.730316,"d":"8.73"}},{"$f":"O42*L42","v":{"v":21.82579,"d":"21.83"}}]
[null,"Remoção de pavimentação poliédrica",{"$nulls":9},{"v":2.4,"d":"2.40"},null,{"v":0.1,"d":"0.10"},{"$f":"P34","v":9.49},{"$f":"O43*N43*L43","v":{"v":2.2776,"d":"2.28"}}]
[null,"Escavação e carga de material de 1ª categoria com escavadeira",{"$nulls":9},{"v":1.6,"d":"1.60"},null,null,{"$f":"P39","v":{"v":12.337,"d":"12.34"}},{"$f":"O44*L44","v":{"v":19.7392,"d":"19.74"}}]
[null,"Escavação - reaterro (base das cabeçeiras)",{"$nulls":9},{"v":1.6,"d":"1.60"},null,null,{"$f":"P52-P57","v":{"v":9.689315999999998,"d":"9.69"}},{"$f":"O45*L45","v":{"v":15.502905599999998,"d":"15.50"}}]
[null,"QUANTIDADE",{"$nulls":13},{"$f":"SUM(P42:P45)","v":{"v":59.3454956,"d":"59.35"}},"t"]
[]
[3,"MOVIMENTO DE TERRA"]
["03.01","Escavação manual em mat. 1ª cat. H= 0,00 a 1,50 m"]
[null,"Base das cabeceiras",{"$nulls":8},{"$f":"K61+0.3","v":{"v":10.907900000000001,"d":"10.91"}},{"$f":"0.7+0.3","v":{"v":1,"d":"1.00"}},0.65,null,{"$f":"K50*L50*M50","v":{"v":7.090135000000001,"d":"7.09"}},{"$f":"O50","v":{"v":7.090135000000001,"d":"7.09"}}]
[{"$nulls":10},{"$f":"K62+0.3","v":{"v":10.3873,"d":"10.39"}},{"$f":"0.7+0.3","v":{"v":1,"d":"1.00"}},0.65,null,{"$f":"K51*L51*M51","v":{"v":6.751745,"d":"6.75"}},{"$f":"O51","v":{"v":6.751745,"d":"6.75"}}]
[null,"QUANTIDADE",{"$nulls":13},{"$f":"SUM(P50:P51)","v":{"v":13.84188,"d":"13.84"}},"m³"]
[]
["03.02","Reaterro de cavas c/ compactação manual (apiloamento)"]
[null,"Base das cabeceiras",{"$nulls":8},{"$f":"K50","v":{"v":10.907900000000001,"d":"10.91"}},{"v":0.3,"d":"0.30"},{"$f":"M50","v":0.65},null,{"$f":"K55*L55*M55","v":{"v":2.1270405000000006,"d":"2.13"}},{"$f":"O55","v":{"v":2.1270405000000006,"d":"2.13"}}]
[{"$nulls":10},{"$f":"K51","v":{"v":10.3873,"d":"10.39"}},{"v":0.3,"d":"0.30"},{"$f":"M51","v":0.65},null,{"$f":"K56*L56*M56","v":{"v":2.0255235000000003,"d":"2.03"}},{"v":2.0255235000000003,"d":"2.03"}]
[null,"QUANTIDADE",{"$nulls":13},{"$f":"SUM(P55:P56)","v":{"v":4.152564000000001,"d":"4.15"}},"m³"]
[]
[4,"ESTRUTURA"]
["04.01","Muro de arrimo em Conc. ciclópico 20MPa c/ 30% de pedra de mão, c/ forn., preparo e aplicação de concreto, forma de tábua pinho-reap.5 vezes, exclusive escav. e reaterro, seções tipicas nas dimensões:b=0,4m; B=0,40m e H=1,30m"]
[null,"Cabeceiras",{"$nulls":8},{"$f":"1.3741+6.7546+2.4792","v":{"v":10.6079,"d":"10.61"}},{"$nulls":4},{"$f":"K61","v":{"v":10.6079,"d":"10.61"}}]
[{"$nulls":10},{"$f":"2.4254+6.3172+1.3447","v":{"v":10.087299999999999,"d":"10.09"}},{"$nulls":4},{"$f":"K62","v":{"v":10.087299999999999,"d":"10.09"}}]
[null,"QUANTIDADE",{"$nulls":13},{"$f":"SUM(P61:P62)","v":{"v":20.6952,"d":"20.70"}},"m"]
[]
["04.02","Fornecimento, preparo e aplicação de concreto magro com consumo mínimo de cimento de 250 kg/m3 (brita 1 e 2) - (5% de perdas já incluído no custo)"]
[null,"Base da cabeceira",{"$nulls":8},{"$f":"K50","v":{"v":10.907900000000001,"d":"10.91"}},{"v":0.7,"d":"0.70"},0.05,null,{"$f":"K66*L66*M66","v":{"v":0.3817765,"d":"0.38"}},{"$f":"O66","v":{"v":0.3817765,"d":"0.38"}}]
[{"$nulls":10},{"$f":"K51","v":{"v":10.3873,"d":"10.39"}},{"v":0.7,"d":"0.70"},0.05,null,{"$f":"K67*L67*M67","v":{"v":0.3635555,"d":"0.36"}},{"$f":"O67","v":{"v":0.3635555,"d":"0.36"}}]
[null,"QUANTIDADE",{"$nulls":13},{"$f":"SUM(P66:P67)","v":{"v":0.745332,"d":"0.75"}},"m³"]
[]
["04.03","Formas planas de madeirit meso e superestrutura sem reaproveitamento esp. = 10 mm, inclusive fornecimento e transporte das madeiras"]
[null,"Base da cabeceira",{"$nulls":8},{"$f":"2*(1.3741+6.7546+2.4792+0.3)+0.8","v":{"v":22.615800000000004,"d":"22.62"}},null,{"v":0.6,"d":"0.60"},{"$f":"K71*M71","v":{"v":13.569480000000002,"d":"13.57"}},null,{"$f":"N71","v":{"v":13.569480000000002,"d":"13.57"}}]
[{"$nulls":10},{"$f":"2*(2.4254+6.3172+1.3447+0.3)+0.8","v":{"v":21.5746,"d":"21.57"}},null,{"v":0.6,"d":"0.60"},{"$f":"K72*M72","v":{"v":12.94476,"d":"12.94"}},null,{"$f":"N72","v":{"v":12.94476,"d":"12.94"}}]
[null,"QUANTIDADE",{"$nulls":13},{"$f":"SUM(P71:P72)","v":{"v":26.51424,"d":"26.51"}},"m²"]
[]
["04.04","Concreto ciclópico com 70% concreto 20,0 MPa e 30% de pedra de mão, tudo incluído "]
[null,"Base da cabeceira",{"$nulls":8},{"$f":"K61","v":{"v":10.6079,"d":"10.61"}},{"v":0.7,"d":"0.70"},{"v":0.6,"d":"0.60"},null,{"$f":"K76*L76*M76","v":{"v":4.455318,"d":"4.46"}},{"$f":"O76","v":{"v":4.455318,"d":"4.46"}}]
[{"$nulls":10},{"$f":"K62","v":{"v":10.087299999999999,"d":"10.09"}},{"v":0.7,"d":"0.70"},{"v":0.6,"d":"0.60"},null,{"$f":"K77*L77*M77","v":{"v":4.236665999999999,"d":"4.24"}},{"$f":"O77","v":{"v":4.236665999999999,"d":"4.24"}}]
[null,"QUANTIDADE",{"$nulls":13},{"$f":"SUM(P76:P77)","v":{"v":8.691983999999998,"d":"8.69"}},"m³"]
[]
["04.05","Mesa de ponte de Concreto Armado FCK= 30MPA ,tudo incluso exceto fornecimento dos trilhos de acordo com projeto."]
[{"$nulls":9},{"v":1,"d":"1.00"},{"$nulls":5},{"$f":"J81","v":{"v":1,"d":"1.00"}}]
[null,"QUANTIDADE",{"$nulls":13},{"$f":"SUM(P81)","v":{"v":1,"d":"1.00"}},"unid"]
[]
["03.01.06","Tela de proteção de segurança de PVC cor laranja com suporte para sinalização de obras"]
[null,"Largura da via",{"$nulls":8},{"$f":"4.6677+4.6817","v":{"v":9.3494,"d":"9.35"}},{"$nulls":4},{"$f":"K85","v":{"v":9.3494,"d":"9.35"}}]
[null,"QUANTIDADE",{"$nulls":13},{"$f":"SUM(P85:P85)","v":{"v":9.3494,"d":"9.35"}},"m"]

{"sheet":"CFF","index":2,"n_rows":18,"n_cols":11,"rows_kept":18,"merged":[[4,2,5,2],[4,3,5,4],[4,5,5,5],[4,6,4,10],[7,6,7,8],[9,6,9,8],[11,6,11,8],[13,6,13,8],[14,3,14,4],[15,3,15,4],[16,3,16,4],[17,3,17,4]]}
[{"$nulls":3},"PREFEITURA MUNICIPAL DE JOÃO NEIVA"]
[{"$nulls":3},"CRONOGRAMA FÍSICO-FINANCEIRO"]
[{"$nulls":3},"OBRA: CONSTRUÇÃO DA PONTE DE TRILHOS"]
[{"$nulls":3},"LOCAL: SANTO AFONSO, JOÃO NEIVA-ES"]
[null,null,"ITEM","DESCRIÇÃO",null,"VALORES R$","PERÍODO (MESES)"]
[{"$nulls":6},1,2,3,4,5]
[null,null,"01","CANTEIRO DE OBRAS","Físico (%) ",{"$f":"F8/$F$17","v":{"v":0.23132706808681033,"d":"23.13%"}},{"$nulls":3},{"v":1,"d":"100.00%"}]
[{"$nulls":4},"Financeiro (R$)",{"$f":"PO!H14","v":{"v":15336.025128,"d":"R$ 15,336.03"}},"Período Licitatório",null,null,{"$f":"$F$8*J7","v":{"v":15336.025128,"d":"15,336.03"}}]
[null,null,"02","DEMOLIÇÕES E RETIRADAS","Físico (%) ",{"$f":"F10/$F$17","v":{"v":0.07821510452722957,"d":"7.82%"}},{"$nulls":3},{"v":1,"d":"100.00%"}]
[{"$nulls":4},"Financeiro (R$)",{"$f":"PO!H21","v":{"v":5185.3370136892,"d":"R$ 5,185.34"}},"Período Licitatório",null,null,{"$f":"$F$10*J9","v":{"v":5185.3370136892,"d":"5,185.34"}}]
[null,null,"03","MOVIMENTO DE TERRA","Físico (%) ",{"$f":"F12/$F$17","v":{"v":0.021741254021439088,"d":"2.17%"}},{"$nulls":3},{"v":0.7,"d":"70.00%"},{"v":0.3,"d":"30.00%"}]
[{"$nulls":4},"Financeiro (R$)",{"$f":"PO!H26","v":{"v":1441.3549644,"d":"R$ 1,441.35"}},"Período Licitatório",null,null,{"$f":"$F$12*J11","v":{"v":1008.9484750799999,"d":"1,008.95"}},{"$f":"$F$12*K11","v":{"v":432.40648932,"d":"432.41"}}]
[null,null,"04","ESTRUTURA","Físico (%) ",{"$f":"F14/$F$17","v":{"v":0.6687165733645211,"d":"66.87%"}},{"$nulls":3},{"v":0.4,"d":"40.00%"},{"v":0.6,"d":"60.00%"}]
[{"$nulls":4},"Financeiro (R$)",{"$f":"PO!H35","v":{"v":44333.13514689849,"d":"R$ 44,333.14"}},"Período Licitatório",null,null,{"$f":"$F$14*J13","v":{"v":17733.254058759394,"d":"17,733.25"}},{"$f":"$F$14*K13","v":{"v":26599.881088139093,"d":"26,599.88"}}]
[{"$nulls":3},"Total Parcial (%)",{"$nulls":5},{"$f":"J17/$F$17","v":{"v":0.5922476797748557,"d":"59.22%"}},{"$f":"K17/$F$17","v":{"v":0.4077523202251444,"d":"40.78%"}}]
[{"$nulls":3},"Total Acumulado (%)",null,{"$f":"F13+F11+F7+F9","v":{"v":1,"d":"100.00%"}},{"$nulls":3},{"$f":"J18/$F$17","v":{"v":0.5922476797748557,"d":"59.22%"}},{"$f":"K18/$F$17","v":{"v":1,"d":"100.00%"}}]
[{"$nulls":3},"Total Financeiro (R$)",null,{"$f":"PO!H37","v":{"v":66295.85225298768,"d":"R$ 66,295.85"}},{"$nulls":3},{"$f":"J14+J12+J10+J8","v":{"v":39263.56467552859,"d":"R$ 39,263.56"}},{"$f":"K14+K12+K10+K8","v":{"v":27032.287577459094,"d":"R$ 27,032.29"}}]
[{"$nulls":3},"Total Acumulado (R$)",{"$nulls":5},{"$f":"J17","v":{"v":39263.56467552859,"d":"R$ 39,263.56"}},{"$f":"J18+K17","v":{"v":66295.85225298768,"d":"R$ 66,295.85"}}]

{"sheet":"Comp-01","index":3,"n_rows":47,"n_cols":13,"rows_kept":47,"merged":[[0,0,3,3],[0,4,3,9],[0,10,1,10],[4,1,4,10],[5,1,5,10],[7,0,7,10],[8,2,8,4],[8,8,8,9],[9,2,9,4],[9,8,9,9],[10,2,10,4],[12,0,12,10],[13,2,13,4],[13,6,13,7],[13,8,13,9],[14,2,14,4],[14,6,14,7],[14,8,14,9],[15,0,15,7],[17,0,17,10],[18,2,18,4],[18,6,18,7],[19,2,19,4],[19,6,19,7],[22,0,22,10],[23,5,23,7],[23,8,23,10],[24,0,24,4],[24,5,24,7],[24,8,24,10],[25,0,25,4],[25,5,25,7],[25,8,25,10],[26,0,26,4],[26,5,26,7],[26,8,26,10],[27,0,27,4],[27,5,27,7],[27,8,27,10],[28,0,28,4],[29,0,29,4],[29,5,29,7]]}
[{"$nulls":4},"COMPOSIÇÃO ANALÍTICA DE PREÇO UNITÁRIO",{"$nulls":5},"Data-base"]
[]
[{"$nulls":10},"2021-06-01"]
[{"$nulls":10},"COMP-01"]
["SERVIÇO:","Administração Local"]
["UND: ","mês"]
["CÓD. DE REFERÊNCIA: "]
["MÃO-DE-OBRA"]
["CÓD.","ORGÃO","DESCRIÇÃO",null,null,"Coef.","Encargos(%)","Sal/mês","Consumo",null,"Custo Horário"]
[20069,"DER-ES","Engenheiro pleno",null,null,{"v":0.2,"d":"0.20"},{"v":0.8404,"d":"84.04%"},{"v":19816.47,"d":"R$ 19,816.47"},{"v":1,"d":"1.00"},null,{"$f":"ROUND(F10*H10*I10,2)","v":{"v":3963.29,"d":"R$ 3,963.29"}}]
[{"$nulls":9},"A: TOTAL",{"$f":"SUM(K10:K10)","v":{"v":3963.29,"d":"R$ 3,963.29"}}]
[{"$nulls":12},"% MULTIPLICADOR DE COEFICIENTE"]
["MATERIAIS",{"$nulls":11},0.9454]
["CÓD.","ORGÃO","DESCRIÇÃO",null,null,"Coef.","Custo Unitário",null,"Consumo",null,"Custo Unitário"]
[]
[{"$nulls":9},"B: TOTAL",{"$f":"SUM(K15:K15)","v":0}]
[]
["EQUIPAMENTO"]
["CÓD.","ORGÃO","DESCRIÇÃO",null,null,"Coef.","Consumo",null,"Vl. Hr. Prod","Vl. Hr. Imp","Custo Horário"]
[]
[{"$nulls":9},"C: TOTAL",{"$f":"K20","v":0}]
[]
["RESUMO"]
["DISCRIMINAÇÃO",{"$nulls":4},"TAXAS",null,null,"VALORES"]
["MÃO-DE-OBRA (A)",{"$nulls":4},{"v":0.8404,"d":"84.04%"},null,null,{"$f":"K11","v":{"v":3963.29,"d":"R$ 3,963.29"}}]
["MATERIAIS (B)",{"$nulls":7},{"$f":"K16","v":{"v":0,"d":"R$ 0.00"}}]
["EQUIPAMENTOS (C) ",{"$nulls":7},{"$f":"K21","v":{"v":0,"d":"R$ 0.00"}}]
["CUSTOS DIRETO TOTAL A + B + C",{"$nulls":7},{"$f":"SUM(I25:K27)","v":{"v":3963.29,"d":"R$ 3,963.29"}}]
["BDI = 23,32%",{"$nulls":8},{"$f":"I28*0.2332","v":{"v":924.2392279999999,"d":"R$ 924.24"}}]
["CUSTO UNITÁRIO",{"$nulls":8},{"$f":"I28+J29","v":{"v":4887.529227999999,"d":"R$ 4,887.53"}}]
{"$rows_empty":16}
[{"$nulls":9},{"$f":"'Comp-01'!#REF!+'Comp-01'!F25:H25=L11*4.7845","v":{"$error":"#REF!"}}]

{"sheet":"Comp-02","index":4,"n_rows":58,"n_cols":11,"rows_kept":58,"merged":[[0,0,3,3],[0,4,3,9],[0,10,1,10],[5,1,5,10],[6,1,6,10],[9,0,9,10],[10,2,10,4],[10,8,10,9],[11,2,11,4],[11,8,11,9],[12,2,12,4],[12,8,12,9],[13,2,13,4],[13,8,13,9],[14,2,14,4],[14,8,14,9],[15,2,15,4],[15,8,15,9],[16,2,16,4],[18,0,18,10],[19,2,19,4],[19,6,19,7],[19,8,19,9],[20,2,20,4],[20,6,20,7],[20,8,20,9],[21,2,21,4],[21,6,21,7],[21,8,21,9],[22,2,22,4],[22,6,22,7],[22,8,22,9],[23,2,23,4],[23,6,23,7],[23,8,23,9],[24,2,24,4],[24,6,24,7],[24,8,24,9],[25,2,25,4],[25,6,25,7],[25,8,25,9],[26,0,26,7],[28,0,28,10],[29,2,29,4],[29,6,29,7],[30,2,30,4],[30,6,30,7],[33,0,33,10],[34,5,34,7],[34,8,34,10],[35,0,35,4],[35,5,35,7],[35,8,35,10],[36,0,36,4],[36,5,36,7],[36,8,36,10],[37,0,37,4],[37,5,37,7],[37,8,37,10],[38,0,38,4],[38,5,38,7],[38,8,38,10],[39,0,39,4],[40,0,40,4],[40,5,40,7]]}
[{"$nulls":4},"COMPOSIÇÃO ANALÍTICA DE PREÇO UNITÁRIO",{"$nulls":5},"Data-base"]
[]
[{"$nulls":10},"2021-06-01"]
[{"$nulls":10},"COMP-02"]
[]
["SERVIÇO:","Muro de arrimo em Conc. ciclópico 20MPa c/ 30% de pedra de mão, c/ forn., preparo e aplicação de concreto, forma de tábua pinho-reap.5 vezes, exclusive escav. e reaterro, seções tipicas nas dimensões:b=0,4m; B=0,40m e H=1,30m"]
["UND: ","m"]
["CÓD. DE REFERÊNCIA: DER-ES 040901 (EDIFICAÇÕES)"]
[]
["MÃO-DE-OBRA"]
["CÓD.","ORGÃO","DESCRIÇÃO",null,null,"Coef.","Encargos(%)","Sal/Hora","Consumo",null,"Custo Horário"]
[20083,"DER-ES","AJUDANTE O.A.C.",null,null,{"v":3.1831618,"d":"3.18"},{"v":1.5727,"d":"157.27%"},{"v":14.34,"d":"R$ 14.34"},{"v":1,"d":"1.00"},null,{"$f":"ROUND(F12*H12*I12,2)","v":{"v":45.65,"d":"R$ 45.65"}}]
[20038,"DER-ES","CARPINTEIRO O.A.C.",null,null,{"v":3.1831618,"d":"3.18"},{"v":1.5727,"d":"157.27%"},{"v":17.61,"d":"R$ 17.61"},{"v":1,"d":"1.00"},null,{"$f":"ROUND(F13*H13*I13,2)","v":{"v":56.06,"d":"R$ 56.06"}}]
[20109,"DER-ES","Pedreiro de O.A.C.",null,null,{"v":0.727958,"d":"0.73"},{"v":1.5727,"d":"157.27%"},{"v":17.61,"d":"R$ 17.61"},{"v":1,"d":"1.00"},null,{"v":12.82,"d":"R$ 12.82"}]
[20060,"DER-ES","Encarregado de O.A.C.",null,null,1.05,{"v":1.5727,"d":"157.27%"},{"v":32.1,"d":"R$ 32.10"},{"v":2,"d":"2.00"},null,{"v":67.41,"d":"R$ 67.41"}]
[20002,"DER-ES","SERVENTE  O.A.C.",null,null,{"v":6.2703655000000005,"d":"6.27"},{"v":1.5727,"d":"157.27%"},{"v":14.2,"d":"R$ 14.20"},{"v":1,"d":"1.00"},null,{"v":89.04,"d":"R$ 89.04"}]
[{"$nulls":9},"A: TOTAL",{"$f":"SUM(K12:K16)","v":{"v":270.98,"d":"R$ 270.98"}}]
[]
["MATERIAIS"]
["CÓD.","ORGÃO","DESCRIÇÃO",null,null,"Coef.","Custo Unitário",null,"Consumo",null,"Custo Unitário"]
[40360,"DER-ES"," Concreto estrutural fck = 20,0 MPa, tudo incluído ",null,null,{"v":0.203,"d":"0.20"},{"v":731.91,"d":"R$ 731.91"},null,{"v":1,"d":"1.00"},null,{"$f":"ROUND(F21*G21*I21,2)","v":{"v":148.58,"d":"R$ 148.58"}}]
[28008,"DER-ES (EDIFICAÇÕES)","DESMOLDANTE PARA FORMAS (LABOR)",null,null,{"v":0.9794344,"d":"0.98"},{"v":10.81,"d":"R$ 10.81"},null,{"v":1,"d":"1.00"},null,{"v":10.59,"d":"R$ 10.59"}]
[20521,"DER-ES (EDIFICAÇÕES)","PEDRA DE MAO (RACHAO) (LABOR)",null,null,{"v":0.2807838,"d":"0.28"},{"v":109.56,"d":"R$ 109.56"},null,{"v":1,"d":"1.00"},null,{"v":30.76,"d":"R$ 30.76"}]
[26569,"DER-ES (EDIFICAÇÕES)","PREGO 18X27 (LABOR)",null,null,{"v":0.3672879,"d":"0.37"},{"v":18.83,"d":"R$ 18.83"},null,{"v":1,"d":"1.00"},null,{"v":6.92,"d":"R$ 6.92"}]
[20985,"DER-ES (EDIFICAÇÕES)","SARRAFO DE MADEIRA PINUS 10 X 2.5CM (LABOR)",null,null,{"v":1.2242929999999999,"d":"1.22"},{"v":9.19,"d":"R$ 9.19"},null,{"v":1,"d":"1.00"},null,{"v":11.25,"d":"R$ 11.25"}]
[20988,"DER-ES (EDIFICAÇÕES)","TABUA DE MADEIRA PINUS 30 X 2.5 CM (LABOR)",null,null,{"v":2.4485859999999997,"d":"2.45"},{"v":15.68,"d":"R$ 15.68"},null,{"v":1,"d":"1.00"},null,{"v":38.39,"d":"R$ 38.39"}]
[{"$nulls":9},"B: TOTAL",{"$f":"SUM(K21:K26)","v":{"v":246.49,"d":"R$ 246.49"}}]
[]
["EQUIPAMENTO"]
["CÓD.","ORGÃO","DESCRIÇÃO",null,null,"Coef.","Consumo",null,"Vl. Hr. Prod","Vl. Hr. Imp","Custo Horário"]
[80125,"DER-ES (EDIFICAÇÕES)","BETONEIRA 320 L (E301) (LABOR)",null,null,{"v":0.259881006,"d":"0.26"},{"v":3,"d":"3.00"},null,{"v":36.41,"d":"R$ 36.41"},0,{"$f":"ROUND(F31*G31*I31,2)","v":{"v":28.39,"d":"R$ 28.39"}}]
[{"$nulls":9},"C: TOTAL",{"$f":"K31","v":{"v":28.39,"d":"R$ 28.39"}}]
[]
["RESUMO"]
["DISCRIMINAÇÃO",{"$nulls":4},"TAXAS",null,null,"VALORES"]
["MÃO-DE-OBRA (A)",{"$nulls":4},{"v":1.5727,"d":"157.27%"},null,null,{"$f":"K17","v":{"v":270.98,"d":"R$ 270.98"}}]
["MATERIAIS (B)",{"$nulls":7},{"$f":"K27","v":{"v":246.49,"d":"R$ 246.49"}}]
["EQUIPAMENTOS (C) ",{"$nulls":7},{"$f":"K32","v":{"v":28.39,"d":"R$ 28.39"}}]
["CUSTOS DIRETO TOTAL A + B + C",{"$nulls":7},{"$f":"SUM(I36:K38)","v":{"v":545.86,"d":"R$ 545.86"}}]
["BDI = 23,32%",{"$nulls":8},{"$f":"I39*0.2332","v":{"v":127.294552,"d":"R$ 127.29"}}]
["CUSTO UNITÁRIO",{"$nulls":8},{"$f":"I39+J40","v":{"v":673.154552,"d":"R$ 673.15"}}]
{"$rows_empty":16}
[{"$nulls":9},{"$f":"'Comp-02'!G15+'Comp-02'!F36:H36=L17*4.7845","v":{"$error":"#VALUE!"}}]

{"sheet":"Comp-03","index":5,"n_rows":64,"n_cols":16,"rows_kept":64,"merged":[[0,0,3,3],[0,4,3,10],[0,11,1,11],[5,1,5,11],[6,1,6,11],[9,0,9,11],[10,2,10,4],[10,9,10,10],[11,2,11,4],[11,9,11,10],[12,2,12,4],[12,9,12,10],[13,2,13,4],[13,9,13,10],[14,2,14,4],[14,9,14,10],[15,2,15,4],[15,9,15,10],[16,2,16,4],[16,9,16,10],[17,2,17,4],[19,0,19,11],[20,2,20,4],[20,7,20,8],[20,9,20,10],[22,2,22,4],[22,7,22,8],[22,9,22,10],[23,2,23,4],[23,7,23,8],[23,9,23,10],[24,2,24,4],[24,7,24,8],[24,9,24,10],[25,2,25,4],[25,7,25,8],[25,9,25,10],[26,2,26,4],[26,7,26,8],[26,9,26,10],[27,2,27,4],[27,7,27,8],[27,9,27,10],[28,2,28,4],[28,7,28,8],[28,9,28,10],[29,2,29,4],[29,7,29,8],[29,9,29,10],[30,2,30,4],[30,7,30,8],[30,9,30,10],[31,2,31,4],[31,7,31,8],[31,9,31,10],[32,7,32,8],[32,9,32,10],[33,2,33,4],[33,7,33,8],[33,9,33,10],[37,2,37,4],[37,7,37,8],[37,9,37,10],[38,2,38,4],[38,7,38,8],[38,9,38,10],[39,2,39,4],[39,7,39,8],[39,9,39,10],[40,2,40,4],[40,7,40,8],[40,9,40,10],[41,2,41,4],[41,7,41,8],[41,9,41,10],[42,2,42,4],[42,7,42,8],[42,9,42,10],[43,2,43,4],[43,7,43,8],[43,9,43,10],[44,2,44,4],[44,7,44,8],[44,9,44,10],[45,2,45,4],[45,7,45,8],[45,9,45,10],[46,2,46,4],[46,7,46,8],[46,9,46,10],[47,7,47,8],[47,9,47,10],[48,2,48,4],[48,7,48,8],[48,9,48,10],[49,0,49,8],[51,0,51,11],[52,2,52,4],[52,7,52,8],[53,2,53,4],[53,7,53,8],[56,0,56,11],[57,6,57,8],[57,9,57,11],[58,0,58,4],[58,6,58,8],[58,9,58,11],[59,0,59,4],[59,6,59,8],[59,9,59,11],[60,0,60,4],[60,6,60,8],[60,9,60,11],[61,0,61,4],[61,6,61,8],[61,9,61,11],[62,0,62,5],[62,9,62,11],[63,0,63,4],[63,6,63,8]]}
[{"$nulls":4},"COMPOSIÇÃO ANALÍTICA DE PREÇO UNITÁRIO",{"$nulls":6},"Data-base"]
[]
[{"$nulls":11},"2021-06-01"]
[{"$nulls":11},"COMP-03"]
[]
["SERVIÇO:","Mesa de ponte de Concreto Armado FCK= 30MPA ,tudo incluso exceto fornecimento dos trilhos de acordo com projeto."]
["UND: ","m³"]
["CÓD. DE REFERÊNCIA: DER-ES 160704 (EDIFICAÇÕES)"]
[]
["MÃO-DE-OBRA"]
["CÓD.","ORGÃO","DESCRIÇÃO",{"$nulls":3},"Coef.","Encargos(%)","Sal/Hora","Consumo",null,"Custo Horário"]
[20083,"DER-ES","AJUDANTE O.A.C.",{"$nulls":3},{"$f":"7.7*4.78","v":{"v":36.806000000000004,"d":"36.81"}},{"v":1.5727,"d":"157.27%"},{"v":14.34,"d":"R$ 14.34"},{"v":1,"d":"1.00"},null,{"$f":"ROUND(G12*I12*J12,2)","v":{"v":527.8,"d":"R$ 527.80"}}]
[20005,"DER-ES","SOLDADOR O.A.C.",{"$nulls":3},{"$f":"3.2*4.78","v":{"v":15.296000000000001,"d":"15.30"}},{"v":1.5727,"d":"157.27%"},{"v":27.83,"d":"R$ 27.83"},{"v":1,"d":"1.00"},null,{"$f":"ROUND(G13*I13*J13,2)","v":{"v":425.69,"d":"R$ 425.69"}}]
[20038,"DER-ES","CARPINTEIRO O.A.C.",{"$nulls":3},{"$f":"4.5*4.78","v":21.51},{"v":1.5727,"d":"157.27%"},{"v":17.61,"d":"R$ 17.61"},{"v":1,"d":"1.00"},null,{"$f":"ROUND(G14*I14*J14,2)","v":{"v":378.79,"d":"R$ 378.79"}}]
[20109,"DER-ES","PEDREIRO -O.A.C.",{"$nulls":3},{"$f":"6*4.78","v":28.68},{"v":1.5727,"d":"157.27%"},{"v":17.61,"d":"R$ 17.61"},{"v":1,"d":"1.00"},null,{"v":505.05,"d":"R$ 505.05"}]
[20062,"DER-ES","Encarregado de O.A.C.",{"$nulls":3},{"v":12,"d":"12.00"},{"v":1.5727,"d":"157.27%"},{"v":32.1,"d":"R$ 32.10"},{"v":1,"d":"1.00"},null,{"v":385.2,"d":"R$ 385.20"}]
[20002,"DER-ES","Servente O.A.C.",{"$nulls":3},{"$f":"3*4.78","v":14.34},{"v":1.5727,"d":"157.27%"},{"v":14.2,"d":"R$ 14.20"},{"v":1,"d":"1.00"},null,{"v":203.63,"d":"R$ 203.63"}]
[{"$nulls":10},"A: TOTAL",{"$f":"SUM(L12:L17)","v":{"v":2426.16,"d":"R$ 2,426.16"}}]
[]
["MATERIAIS"]
["CÓD.","ORGÃO","DESCRIÇÃO",null,null,"unid","Coef.","Custo Unitário",null,"Consumo",null,"Custo Unitário"]
[null,null,"Mesa"]
[21517,"DER-ES (EDIFICAÇÕES)","ACO CA-50 DE 8.0MM (LABOR)",null,null,"kg",{"v":113,"d":"113.00"},{"v":7.81,"d":"R$ 7.81"},null,{"v":1,"d":"1.00"},null,{"$f":"ROUND(G23*H23*J23,2)","v":{"v":882.53,"d":"R$ 882.53"}}]
[10185,"DER-ES ","ELETRODO PARA SOLDAS- OK 4804",null,null,"kg",{"v":8,"d":"8.00"},{"v":30.8,"d":"R$ 30.80"},null,{"v":1,"d":"1.00"},null,{"$f":"ROUND(G24*H24*J24,2)","v":{"v":246.4,"d":"R$ 246.40"}}]
[20503,"DER-ES (EDIFICAÇÕES)","AREIA LAVADA MEDIA (LABOR)",null,null,"m³",{"$f":"0.7155*4.78","v":{"v":3.4200900000000005,"d":"3.42"}},{"v":96.67,"d":"R$ 96.67"},null,{"v":1,"d":"1.00"},null,{"$f":"ROUND(G25*H25*J25,2)","v":{"v":330.62,"d":"R$ 330.62"}}]
[20517,"DER-ES (EDIFICAÇÕES)","BRITA 1 (LABOR)",null,null,"m³",{"$f":"0.2893*4.78","v":{"v":1.382854,"d":"1.38"}},{"v":113.33,"d":"R$ 113.33"},null,{"v":1,"d":"1.00"},null,{"v":156.72,"d":"R$ 156.72"}]
[20518,"DER-ES (EDIFICAÇÕES)","BRITA 2 (LABOR)",null,null,"m³",{"$f":"0.6765*4.78","v":{"v":3.23367,"d":"3.23"}},{"v":113.33,"d":"R$ 113.33"},null,{"v":1,"d":"1.00"},null,{"v":366.47,"d":"R$ 366.47"}]
[21032,"DER-ES (EDIFICAÇÕES)","CHAPA COMPENSADA RESINADA ESP. 12MM (LABOR)",null,null,"m²",{"$f":"4.3*4.78","v":{"v":20.554,"d":"20.55"}},{"v":57.74,"d":"R$ 57.74"},null,{"v":1,"d":"1.00"},null,{"v":1186.79,"d":"R$ 1,186.79"}]
[20508,"DER-ES (EDIFICAÇÕES)","CIMENTO PORTLAND CP III - 40 (LABOR)",null,null,"kg",{"$f":"340.2*4.78","v":{"v":1626.156,"d":"1626.16"}},{"v":0.46,"d":"R$ 0.46"},null,{"v":1,"d":"1.00"},null,{"v":748.03,"d":"R$ 748.03"}]
[28008,"DER-ES (EDIFICAÇÕES)","DESMOLDANTE PARA FORMAS (LABOR)",null,null,"l",{"$f":"1*4.78","v":4.78},{"v":10.81,"d":"R$ 10.81"},null,{"v":1,"d":"1.00"},null,{"v":51.67,"d":"R$ 51.67"}]
[21009,"DER-ES (EDIFICAÇÕES)","PONTALETE DE MADEIRA BRUTA DE 3ª 8.0 X 8.0 CM (LABOR)",null,null,"m",{"$f":"20*4.78","v":{"v":95.60000000000001,"d":"95.60"}},{"v":14.75,"d":"R$ 14.75"},null,{"v":1,"d":"1.00"},null,{"v":1410.1,"d":"R$ 1,410.10"}]
[26569,"DER-ES (EDIFICAÇÕES)","PREGO 18X27 (LABOR)",null,null,"kg",{"v":8,"d":"8.00"},{"v":18.83,"d":"R$ 18.83"},null,{"v":1,"d":"1.00"},null,{"v":150.64,"d":"R$ 150.64"}]
[20985,"DER-ES (EDIFICAÇÕES)","SARRAFO DE MADEIRA PINUS 10 X 2.5CM (LABOR)",null,null,"m",{"$f":"15.3*4.78","v":{"v":73.134,"d":"73.13"}},{"v":9.19,"d":"R$ 9.19"},null,{"v":1,"d":"1.00"},null,{"v":672.1,"d":"R$ 672.10"}]
[20988,"DER-ES (EDIFICAÇÕES)","TABUA DE MADEIRA PINUS 30 X 2.5 CM (LABOR)",null,null,"m",{"v":22,"d":"22.00"},{"v":15.68,"d":"R$ 15.68"},null,{"v":1,"d":"1.00"},null,{"v":344.96,"d":"R$ 344.96"},{"$nulls":3},{"$f":"0.5*1*30","v":15}]
[{"$nulls":10},"B: TOTAL",{"$f":"SUM(L23:L34)","v":{"v":6547.030000000001,"d":"R$ 6,547.03"}},{"$nulls":3},{"$f":"((0.3+0.8))/2*3*30","v":49.50000000000001}]
[]
[null,null,"Mureta"]
[21517,"DER-ES (EDIFICAÇÕES)","ACO CA-50 DE 8.0MM (LABOR)",null,null,"kg",{"$f":"12.4","v":{"v":12.4,"d":"12.40"}},{"v":7.81,"d":"R$ 7.81"},null,{"v":1,"d":"1.00"},null,{"v":96.84,"d":"R$ 96.84"},{"$nulls":3},{"$f":"P34+P35","v":64.5}]
[21532,"DER-ES (EDIFICAÇÕES)","ACO CA-60 DE 5.0MM (LABOR)",null,null,"kg",{"$f":"6.48","v":6.48},{"v":9.75,"d":"R$ 9.75"},null,{"v":1,"d":"1.00"},null,{"v":63.18,"d":"R$ 63.18"}]
[10185,"DER-ES ","ELETRODO PARA SOLDAS- OK 4804",null,null,"kg",{"v":3,"d":"3.00"},{"v":30.8,"d":"R$ 30.80"},null,{"v":1,"d":"1.00"},null,{"$f":"ROUND(G40*H40*J40,2)","v":{"v":92.4,"d":"R$ 92.40"}}]
[20517,"DER-ES (EDIFICAÇÕES)","BRITA 1 (LABOR)",null,null,"m³",{"$f":"0.2893","v":{"v":0.2893,"d":"0.29"}},{"v":113.33,"d":"R$ 113.33"},null,{"v":2,"d":"2.00"},null,{"$f":"ROUND(G41*H41*J41,2)","v":{"v":65.57,"d":"R$ 65.57"}}]
[20518,"DER-ES (EDIFICAÇÕES)","BRITA 2 (LABOR)",null,null,"m³",{"$f":"0.6765","v":{"v":0.6765,"d":"0.68"}},{"v":113.33,"d":"R$ 113.33"},null,{"v":3,"d":"3.00"},null,{"v":230,"d":"R$ 230.00"}]
[20503,"DER-ES (EDIFICAÇÕES)","AREIA LAVADA MEDIA (LABOR)",null,null,"m³",{"$f":"0.7155","v":{"v":0.7155,"d":"0.72"}},{"v":96.67,"d":"R$ 96.67"},null,{"v":4,"d":"4.00"},null,{"v":276.67,"d":"R$ 276.67"},{"$f":"SUM(L38:L49)","v":{"v":7887.84,"d":"R$ 7,887.84"}}]
[20508,"DER-ES (EDIFICAÇÕES)","CIMENTO PORTLAND CP III - 40 (LABOR)",null,null,"kg",{"$f":"340.2","v":{"v":340.2,"d":"340.20"}},{"v":0.46,"d":"R$ 0.46"},null,{"v":5,"d":"5.00"},null,{"v":782.46,"d":"R$ 782.46"}]
[28008,"DER-ES (EDIFICAÇÕES)","DESMOLDANTE PARA FORMAS (LABOR)",null,null,"l",{"$f":"1","v":{"v":1,"d":"1.00"}},{"v":10.81,"d":"R$ 10.81"},null,{"v":6,"d":"6.00"},null,{"v":64.86,"d":"R$ 64.86"}]
[21009,"DER-ES (EDIFICAÇÕES)","PONTALETE DE MADEIRA BRUTA DE 3ª 8.0 X 8.0 CM (LABOR)",null,null,"m",{"$f":"20","v":{"v":20,"d":"20.00"}},{"v":14.75,"d":"R$ 14.75"},null,{"v":7,"d":"7.00"},null,{"v":2065,"d":"R$ 2,065.00"}]
[26569,"DER-ES (EDIFICAÇÕES)","PREGO 18X27 (LABOR)",null,null,"kg",{"$f":"2.5","v":{"v":2.5,"d":"2.50"}},{"v":18.83,"d":"R$ 18.83"},null,{"v":8,"d":"8.00"},null,{"v":376.6,"d":"R$ 376.60"}]
[20985,"DER-ES (EDIFICAÇÕES)","SARRAFO DE MADEIRA PINUS 10 X 2.5CM (LABOR)",null,null,"m",{"$f":"15.3","v":{"v":15.3,"d":"15.30"}},{"v":9.19,"d":"R$ 9.19"},null,{"v":9,"d":"9.00"},null,{"v":1265.46,"d":"R$ 1,265.46"}]
[20988,"DER-ES (EDIFICAÇÕES)","TABUA DE MADEIRA PINUS 30 X 2.5 CM (LABOR)",null,null,"m",{"$f":"16","v":{"v":16,"d":"16.00"}},{"v":15.68,"d":"R$ 15.68"},null,{"v":10,"d":"10.00"},null,{"v":2508.8,"d":"R$ 2,508.80"}]
[{"$nulls":10},"C: TOTAL",{"$f":"SUM(L38:L49)","v":{"v":7887.84,"d":"R$ 7,887.84"}}]
[]
["EQUIPAMENTO"]
["CÓD.","ORGÃO","DESCRIÇÃO",{"$nulls":3},"Coef.","Consumo",null,"Vl. Hr. Prod","Vl. Hr. Imp","Custo Horário"]
[80125,"DER-ES (EDIFICAÇÕES)","BETONEIRA 320 L (E301) (LABOR)",{"$nulls":3},{"v":6,"d":"6.00"},{"v":1,"d":"1.00"},null,{"v":36.41,"d":"R$ 36.41"},0,{"$f":"ROUND(G54*H54*J54,2)","v":{"v":218.46,"d":"R$ 218.46"}}]
[{"$nulls":10},"D: TOTAL",{"$f":"L54","v":{"v":218.46,"d":"R$ 218.46"}}]
[]
["RESUMO"]
["DISCRIMINAÇÃO",{"$nulls":5},"TAXAS",null,null,"VALORES"]
["MÃO-DE-OBRA (A*4,7845 m³)",{"$nulls":5},{"v":1.5727,"d":"157.27%"},null,null,{"$f":"L18","v":{"v":2426.16,"d":"R$ 2,426.16"}}]
["MATERIAIS (B*4,6075 m³)+C",{"$nulls":8},{"$f":"L35+L50","v":{"v":14434.87,"d":"R$ 14,434.87"}}]
["EQUIPAMENTOS (D*4,7845 m³) ",{"$nulls":8},{"$f":"L55","v":{"v":218.46,"d":"R$ 218.46"}}]
["CUSTOS DIRETO TOTAL A + B + C+ D",{"$nulls":8},{"$f":"SUM(J59:L61)","v":{"v":17079.489999999998,"d":"R$ 17,079.49"}}]
["BDI = 23,32%",{"$nulls":8},{"$f":"J62*0.2332","v":{"v":3982.9370679999993,"d":"R$ 3,982.94"}}]
["CUSTO UNITÁRIO",{"$nulls":9},{"$f":"J62+J63","v":{"v":21062.427067999997,"d":"R$ 21,062.43"}}]

{"sheet":"LEIS SOCIAIS","index":6,"n_rows":50,"n_cols":5,"rows_kept":50,"merged":[[1,1,4,1],[1,2,1,4],[2,2,2,4],[3,2,3,4],[4,2,4,4],[5,1,5,4],[6,1,6,3],[16,1,16,3],[17,1,17,2],[29,1,29,3],[30,1,30,2],[38,1,38,3],[39,1,39,2],[42,1,42,3],[43,1,43,2],[48,1,48,2],[49,1,49,3]]}
[]
[null,null,"PREFEITURA MUNICIPAL DE JOÃO NEIVA"]
[null,null,"COMPOSIÇÃO LEIS SOCIAIS"]
[null,null,"OBRA: CONSTRUÇÃO DA PONTE DE TRILHOS"]
[null,null,"LOCAL: JOÃO NEIVA-ES"]
[]
[null,"GRUPO A - Encargos Sociais Básicos",null,null,"% IOPES"]
[null,"A.1","INSS (Art. 22 da Lei 8.212/91)",null,{"v":0.2,"d":"20.00%"}]
[null,"A.2","FGTS (Art. 27 do Decreto 99.684/90)",null,{"v":0.08,"d":"8.00%"}]
[null,"A.3","SESI/SESC (Lei 8.029/90 e Lei 8.036/90)",null,{"v":0.018,"d":"1.80%"}]
[null,"A.4","SENAI/SENAC (Lei 8.029/90 e Decreto-Lei 6246/44)",null,{"v":0.013,"d":"1.30%"}]
[null,"A.5","SEBRAE (já considerado no item A.3 e A.4)",null,"-"]
[null,"A.6","INCRA (Lei 2.613/55 e Decreto 1.146/70)",null,{"v":2E-3,"d":"0.20%"}]
[null,"A.7","SALÁRIO-EDUCAÇÃO (Decreto 87.043/82)",null,{"v":0.025,"d":"2.50%"}]
[null,"A.8","SEGURO ACIDENTE DO TRABALHO (Lei 8.212/91 e Decreto 3.048/99)",null,{"v":0.03,"d":"3.00%"}]
[null,"A.9","SECONCI/Medicina do Trabalho",null,{"v":0.01,"d":"1.00%"}]
[null,"TOTAL GRUPO A",null,null,{"$f":"SUM(E8:E16)","v":{"v":0.3780000000000001,"d":"37.80%"}}]
[null,"GRUPO B - Encargos Sociais que recebem a incidência do grupo A",null,null,"% IOPES"]
[null,"B.1","Descanso Semanal Remunerado (Art. 66 da CLT e Art. 7º da CF/88)",null,{"v":0.1752,"d":"17.52%"}]
[null,"B.2","Feriados (Art. 70 da CLT e Lei 605/49)",null,{"v":0.0391,"d":"3.91%"}]
[null,"B.3","Auxílio doença e acidente do trabalho (Lei 3.607/60 e Art. 131 da CLT)",null,{"v":7.6E-3,"d":"0.76%"}]
[null,"B.4","Licença Paternidade (Art. 7º da CF/88)",null,{"v":0.0011,"d":"0.11%"}]
[null,"B.5","Faltas Legais (Art. 473 da CLT)",null,{"v":0.0067,"d":"0.67%"}]
[null,"B.6","13º Salário (Lei nº 4090/62)",null,{"v":0.1011,"d":"10.11%"}]
[null,"B.7","Aviso Prévio Trabalhado (Art. 7º, inciso XXI da CF/88)",null,{"v":0.0034,"d":"0.34%"}]
[null,"B.8","Dias de Chuvas",null,"-"]
[null,"B.9","Férias Gozadas",null,"-"]
[null,"B.10","Salário Maternidade",null,"-"]
[null,"B.11","Auxílio - Enfermidade",null,"-"]
[null,"TOTAL GRUPO B",null,null,{"$f":"SUM(E19:E29)","v":{"v":0.3342,"d":"33.42%"}}]
[null,"GRUPO C - Encargos Sociais que não recebem a incidência do grupo A",null,null,"% IOPES"]
[null,"C.1","Dispensa sem justa causa (LC 110/01)",null,{"v":0.0534,"d":"5.34%"}]
[null,"C.2","Férias indenizadas (Art. 129 a 148 da CLT)",null,{"v":0.112,"d":"11.20%"}]
[null,"C.3","Aviso prévio indenizado (Art. 7º, inciso XXI da CF/88)",null,{"v":0.1129,"d":"11.29%"}]
[null,"C.4","FGTS sobre aviso prévio indenizado (Súmula 305 TST)",null,{"v":0.009,"d":"0.90%"}]
[null,"C.5","INSS sobre aviso prévio indenizado (Decreto 6.727/09)",null,{"v":0.0226,"d":"2.26%"}]
[null,"C.6","Aviso prévio trabalhado",null,"-"]
[null,"C.7","Indenização Adicional",null,"-"]
[null,"TOTAL GRUPO C",null,null,{"$f":"SUM(E32:E38)","v":{"v":0.3099,"d":"30.99%"}}]
[null,"GRUPO D - Reincidência dos encargos sociais básicos",null,null,"% IOPES"]
[null,"D.1","Incidência do grupo A sobre o grupo B",null,{"$f":"E17*E30","v":{"v":0.12632760000000004,"d":"12.63%"}}]
[null,"D.2","Reincidência de Grupo A sobre Aviso Prévio Trabalho e Reincidência\ndo FGTS sobre Aviso Prévio Indenizado",null,"-"]
[null,"TOTAL GRUPO D",null,null,{"$f":"SUM(E41:E42)","v":{"v":0.12632760000000004,"d":"12.63%"}}]
[null,"GRUPO E - Encargos complementares",null,null,"% IOPES"]
[null,"E.1","Refeição/alimentação (Convenção Coletiva do Trabalho 2012/2013)",null,{"v":0.2575,"d":"25.75%"}]
[null,"E.2","Vale Transporte (Lei nº 7418/85 e Decreto 95.247/87)",null,{"v":0.0603,"d":"6.03%"}]
[null,"E.3","Uniforme/equipamento de segurança (Art. 166 da CLT e NR-18 da Lei nº 6.514/77 e\nConvenção Coletiva do Trabalho 2012/2013)",null,{"v":0.0267,"d":"2.67%"}]
[null,"E.4","Plano de Saúde (Convenção Coletiva do Trabalho 2012/2013",null,{"v":0.0798,"d":"7.98%"}]
[null,"TOTAL GRUPO E",null,null,{"v":0.4243,"d":"42.43%"}]
[null,"TOTAL DOS GRUPO (A+B+C+D+E)",null,null,{"$f":"E49+E39+E30+E17+E43","v":{"v":1.5727276000000001,"d":"157.27%"}}]

{"sheet":"BDI ","index":7,"n_rows":41,"n_cols":5,"rows_kept":41,"merged":[[1,1,1,4],[2,1,2,4],[3,1,3,4],[4,1,4,2],[5,1,5,2],[10,1,10,2],[13,1,13,2],[15,1,15,2],[16,1,16,2],[20,1,20,2],[22,1,22,2],[23,1,23,2],[26,1,26,2],[28,1,28,2],[34,1,34,4],[35,1,35,4]]}
[]
[null,"PREFEITURA MUNICIPAL DE JOÃO NEIVA"]
[null,"COMPOSIÇÃO BDI"]
[null,"OBRA: CONSTRUÇÃO DA PONTE DE TRILHOS"]
[null,"LOCAL: JOÃO NEIVA-ES",null,"TABELA DE REFERÊNCIA: DER/ES","BDI: 23,32%"]
[null,"LEIS SOCIAIS: 157,27%",null,"DATA-BASE: JAN/22"]
[]
[{"$nulls":3},"Para Serviços"]
[null,"GRUPO AC"]
[null,"Despesas Financeiras",null,{"v":0.0102,"d":"1.02%"}]
[null,"Total Grupo A",null,{"$f":"D10","v":{"v":0.0102,"d":"1.02%"}}]
[null,"GRUPO B"]
[null,"Administração Central",null,{"v":0.038,"d":"3.80%"}]
[null,"Total Grupo B",null,{"$f":"D13","v":{"v":0.038,"d":"3.80%"}}]
[null,"GRUPO C"]
[null,"Bonificação/Lucro",null,{"v":0.0659,"d":"6.59%"}]
[null,"Total Grupo C",null,{"$f":"D16","v":{"v":0.0659,"d":"6.59%"}}]
[null,"GRUPO D"]
[null,"Seguros/Garantia",null,{"v":0.0032,"d":"0.32%"}]
[null,"Riscos",null,{"v":0.005,"d":"0.50%"}]
[null,"Total Grupo D",null,{"$f":"SUM(D19:D20)","v":{"v":0.0082,"d":"0.82%"}}]
[null,"GRUPO E"]
[null,"ISS",null,{"v":0.05,"d":"5.00%"}]
[null,"PIS",null,{"v":0.0065,"d":"0.65%"}]
[null,"COFINS",null,{"v":0.03,"d":"3.00%"}]
[null,"CPRB",null,{"v":0,"d":"0.00%"}]
[null,"Total Grupo E",null,{"$f":"SUM(D23:D26)","v":{"v":0.0865,"d":"8.65%"}}]
[]
[null,"BDI Total",null,{"$f":"((1+D11)*(1+D14+D21)*(1+D17)/(1-D27))-1","v":{"v":0.23318998874220043,"d":"23.32%"}}]
[]
["OBS:"]
[]
["1","- A fórmula para cálculo da taxa a ser acrescida aos custos diretos de um"]
[null,"empreendimento a título de Benefícios e Despesas Indiretas é:"]
[null,"BDI = {(1 + A)*(1 + B + D)*(1 + C)}  -1, onde:"]
[null,"(1 – E)"]
[null,"A = DESPESAS FINACEIRAS;"]
[null,"B = ADMINISTRAÇÃO CENTRAL;"]
[null,"C = BENEFÍCIO/LUCRO;"]
[null,"D = RISCOS, SEGUROS E GARANTIAS;"]
[null,"E = ISS + PIS + COFINS + INSS;"]